00493nam a2200193 a 4500001001300000003000900013005001700022008004100039020000900080082001600089100002400105245002400129260004800153300000900201500003500210505001000245650002000255700002400275nice12345678IN_TiNIC20260116012708.0050524s1984 dela grp 000 0 urd  ac1800a297.8bMAU2 aMaudoodi, Abul Aala aTahreek Awr Kaarkun aDelhibMarkazi Maktaba Jamat-E-Islamic1984 a244p aincludes index and biblioraphy2 aIndex aJamaat-E-Islami1 aMaudoodi, Abul Aala